000 00333nam a22001451a 4500
082 _aH3
_bPRE/R
100 _aPremchand
245 _aRangabhoomi/
_cby Premchand
260 _aLucknow:
_bGanga Pusthakamala,
_c1999.
300 _a488p.
650 _aNovel Hindi
650 _aLiterature Hindi
650 _aLiterature
942 _cBK
999 _c37393
_d37393